Online
Catalog

Norma Dominicana de Descripción Archivística (NORDA) / (Record no. 49709)

MARC details
000 -CABECERA
campo de control de longitud fija 02326nam a2200433 i 4500
003 - IDENTIFICADOR DEL NÚMERO DE CONTROL
campo de control DO-SdBNP
005 - FECHA Y HORA DE LA ÚLTIMA TRANSACCIÓN
campo de control 20250407100627.0
007 - CAMPO FIJO DE DESCRIPCIÓN FÍSICA--INFORMACIÓN GENERAL
campo de control de longitud fija ta
008 - DATOS DE LONGITUD FIJA--INFORMACIÓN GENERAL
campo de control de longitud fija 210407b2019 dr ||||| |||| 00| 0 eng d
020 ## - NÚMERO INTERNACIONAL ESTÁNDAR DEL LIBRO
Número Internacional Estándar del Libro 9789945613155
040 #4 - FUENTE DE LA CATALOGACIÓN
Centro catalogador/agencia de origen DO-SdBNP
Lengua de catalogación spa
Centro/agencia transcriptor BNPHU
Normas de descripción rda
041 ## - CÓDIGO DE LENGUA
Código de lengua del texto/banda sonora o título independiente spa
082 #4 - NÚMERO DE LA CLASIFICACIÓN DECIMAL DEWEY
Número de clasificación 025.3414
Número de documento/Ítem A673n 2019
Número de edición 22
245 00 - MENCIÓN DE TÍTULO
Título Norma Dominicana de Descripción Archivística (NORDA) /
Mención de responsabilidad, etc. comisión técnica para elaboración de la NORDA ; Ángel Hernández, Marisol Mesa León Olga Pedierro, José Vilchez, Teodoro Viola, Orquídea Correa, Althusser Jerez, Grismeldis Pérez, Yanira Berroam Teany Villalona, Vielka Roa.
264 #4 - PRODUCCIÓN, PUBLICACIÓN, DISTRIBUCIÓN, FABRICACIÓN Y COPYRIGHT
Producción, publicación, distribución, fabricación y copyright Santo Domingo :
Nombre del de productor, editor, distribuidor, fabricante Archivo General de la Nación ,
Fecha de producción, publicación, distribución, fabricación o copyright ©2019.
300 ## - DESCRIPCIÓN FÍSICA
Extensión 203 páginas :
Otras características físicas ilustraciones, cuadros ;
Dimensiones 23 cm.
336 ## - TIPO DE CONTENIDO
Término de tipo de contenido texto
Código de tipo de contenido txt
Fuente rdacontent
337 ## - TIPO DE MEDIO
Nombre/término del tipo de medio sin mediación
Código del tipo de medio n
Fuente rdamedia
338 ## - TIPO DE SOPORTE
Nombre/término del tipo de soporte volumen
Código del tipo de soporte nc
Fuente rdacarrier
490 0# - MENCIÓN DE SERIE
Mención de serie Archivo General de la Nación ;
Designación de volumen o secuencia 174
500 ## - NOTA GENERAL
Nota general Incluye referencias bibliográficas y notas al pie de las páginas
504 ## - NOTA DE BIBLIOGRAFÍA, ETC.
Nota de bibliografía, etc. Bibliografía : páginas 125-128
505 ## - NOTA DE CONTENIDO CON FORMATO
Nota de contenido con formato 1 - Prólogo --
Título 2 - Introducción --
-- 3 - Objetivs de la Norma Dominicana de Descripción Archivística (NORDA) --
-- 4 - Ámbito de aplicación --
-- 5 - Objetivos de la descripción archivística--
-- 6 - Reglas de descripción multinivel --
-- 7 - Definición de niveles de descripción --
-- 8 - Áreas y elementos de la descripción --
-- 9 - Puntos de acceso --
-- 10 - Formatos para instrumentos de descripción --
-- 11 - Formato para referencia bibliográfica y cita para documentos de archivo --
-- 12 - Glosario --
-- 13 - Bibliografía --
-- 14 - Anexos.
590 ## - NOTA LOCAL (RLIN)
Nota local Inventariado, 2021 / SA<br/>
650 #4 - PUNTO DE ACCESO ADICIONAL DE MATERIA--TÉRMINO DE MATERIA
Término de materia o nombre geográfico como elemento de entrada Archivos
Subdivisión general Procesamiento de datos
9 (RLIN) 80562
650 #4 - PUNTO DE ACCESO ADICIONAL DE MATERIA--TÉRMINO DE MATERIA
Término de materia o nombre geográfico como elemento de entrada Administración de archivos
Subdivisión geográfica República Dominicana
9 (RLIN) 80563
700 1# - PUNTO DE ACCESO ADICIONAL--NOMBRE DE PERSONA
Nombre de persona Hernández, Ángel
9 (RLIN) 11092
700 1# - PUNTO DE ACCESO ADICIONAL--NOMBRE DE PERSONA
Nombre de persona Mesa León, Marisol
9 (RLIN) 20101
700 1# - PUNTO DE ACCESO ADICIONAL--NOMBRE DE PERSONA
Nombre de persona Pedierro, José Vilchez
9 (RLIN) 80831
700 1# - PUNTO DE ACCESO ADICIONAL--NOMBRE DE PERSONA
Nombre de persona Viola, Teodoro
9 (RLIN) 80832
700 1# - PUNTO DE ACCESO ADICIONAL--NOMBRE DE PERSONA
Nombre de persona Correa, Orquídea
9 (RLIN) 80833
700 1# - PUNTO DE ACCESO ADICIONAL--NOMBRE DE PERSONA
Nombre de persona Jerez, Althusser
9 (RLIN) 80834
700 ## - PUNTO DE ACCESO ADICIONAL--NOMBRE DE PERSONA
Nombre de persona Pérez, Grismeldis
9 (RLIN) 80835
700 1# - PUNTO DE ACCESO ADICIONAL--NOMBRE DE PERSONA
Nombre de persona Berroa, Yanira
9 (RLIN) 80836
700 1# - PUNTO DE ACCESO ADICIONAL--NOMBRE DE PERSONA
Nombre de persona Roa, Vielka
9 (RLIN) 80837
710 2# - PUNTO DE ACCESO ADICIONAL--NOMBRE DE ENTIDAD CORPORATIVA
Nombre de entidad corporativa o nombre de jurisdicción como elemento de entrada Archivo General de la Nación (República Dominicana)
9 (RLIN) 85400
910 ## - DATOS DE OPCIÓN DEL USUARIO (OCLC)
Datos de opción del usuario Validado. Control de calidad MFF
942 ## - ELEMENTOS DE PUNTO DE ACCESO ADICIONAL (KOHA)
Fuente del sistema de clasificación o colocación Dewey Decimal Classification
Tipo de ítem Koha Libro
Holdings
Estado de retiro Estado de pérdida Fuente del sistema de clasificación o colocación Restricciones de uso No para préstamo Código de colección Localización permanente Ubicación/localización actual Ubicación en estantería Fecha de adquisición Fuente de adquisición Signatura topográfica completa Código de barras Fecha visto por última vez Precio válido a partir de Tipo de ítem Koha Número de copia Total de préstamos
    Dewey Decimal Classification Préstamo restringido   Patrimonio Dominicano Biblioteca Nacional Pedro Henríquez Ureña Biblioteca Nacional Pedro Henríquez Ureña Depósito 07.04.2021 Depósito Legal BNPHU PD 025.3414 R426c 2019 2021-1311 07.04.2021 07.04.2021 Libro    
    Dewey Decimal Classification Préstamo restringido   Patrimonio Dominicano Biblioteca Nacional Pedro Henríquez Ureña Biblioteca Nacional Pedro Henríquez Ureña Depósito 07.04.2021 Depósito Legal BNPHU PD 025.3414 R426c 2019 2021-1312 07.04.2021 07.04.2021 Libro e.2  
    Dewey Decimal Classification Préstamo en sala   Dominicana de Servicio Biblioteca Nacional Pedro Henríquez Ureña Biblioteca Nacional Pedro Henríquez Ureña Depósito 07.04.2021 Depósito Legal BNPHU DS 025.3414 R426c 2019 2021-1313 07.04.2021 07.04.2021 Libro e.3  
    Dewey Decimal Classification Préstamo en sala   Dominicana de Servicio Biblioteca Nacional Pedro Henríquez Ureña Biblioteca Nacional Pedro Henríquez Ureña Depósito 18.05.2022 Donación BNPHU DS 025.3414 R426c 2019 2022-2203 18.05.2022 18.05.2022 Libro e.4  

Powered by Koha